Chemical engineering plant design (Record no. 18678)

000 -LEADER
fixed length control field 00563nam a22002051 4500
001 - CONTROL NUMBER
control field 18678
003 - CONTROL NUMBER IDENTIFIER
control field BD-DhUET
008 - FIXED-LENGTH DATA ELEMENTS--GENERAL INFORMATION
fixed length control field 840411s1959 nyua 000 0 eng
040 ## - CATALOGING SOURCE
Original cataloging agency DLC/ICU
Transcribing agency ICU
Modifying agency BD-DhUET
082 00 - DEWEY DECIMAL CLASSIFICATION NUMBER
Classification number 660.28
Item number VIL/1959
100 1# - MAIN ENTRY--PERSONAL NAME
Personal name Vilbrandt, Frank C.
245 10 - TITLE STATEMENT
Title Chemical engineering plant design
250 ## - EDITION STATEMENT
Edition statement 4th ed.
260 ## - PUBLICATION, DISTRIBUTION, ETC. (IMPRINT)
Place of publication, distribution, etc. New York
Name of publisher, distributor, etc. McGraw-Hill
Date of publication, distribution, etc. 1959
300 ## - PHYSICAL DESCRIPTION
Extent 534 p.
Other physical details illus.
Dimensions 24 cm.
490 0# - SERIES STATEMENT
Series statement McGraw-Hill series in chemical engineering
650 #0 - SUBJECT ADDED ENTRY--TOPICAL TERM
Topical term or geographic name as entry element Chemical engineering
700 ## - ADDED ENTRY--PERSONAL NAME
Personal name Dryden, Charles E.
942 ## - ADDED ENTRY ELEMENTS (KOHA)
Koha item type General Book
Holdings
Source of classification or shelving scheme Date acquired Location (home branch) Koha normalized classification for sorting Not for loan Lost status Koha full call number Price effective from Withdrawn status Sublocation or collection (holding branch) Shelving location Damaged status Copy number Koha date last seen Piece designation (barcode) Koha item type
 2015-03-31Central Library, BUET660_280000000000000_VIL_1959  660.28/VIL/19592015-03-31 Central Library, BUETCirculation section 12015-03-3116370General Book
 2015-03-31Central Library, BUET660_280000000000000_VIL_1959  660.28/VIL/19592015-03-31 Central Library, BUETCirculation section 22015-03-3124467General Book
 2015-03-31Central Library, BUET660_280000000000000_VIL_1959  660.28/VIL/19592015-03-31 Central Library, BUETCirculation section 32015-03-3124468Contented Book
 2015-03-31Central Library, BUET660_280000000000000_VIL_1959  660.28/VIL/19592015-03-31 Central Library, BUETCirculation section 42015-03-3116369General Book
 2015-05-14Central Library, BUET660_280000000000000_VIL_1959  660.28/VIL/19592015-05-14 Central Library, BUETCirculation section 52015-05-141060General Book
 2015-05-14Central Library, BUET660_280000000000000_VIL_1959  660.28/VIL/19592015-05-14 Central Library, BUETCirculation section 62015-05-1411229General Book
 2015-06-18Central Library, BUET660_280000000000000_VIL_1959  660.28/VIL/19592015-06-18 Central Library, BUETReading section 72015-06-1811231Reading Item